| 000 | 00483nam a2200169Ia 4500 | ||
|---|---|---|---|
| 003 | GCL | ||
| 008 | 140319s9999 xx 000 0 eng d | ||
| 040 |
_aGCL / _cGCL |
||
| 082 | 0 | 4 |
_a627.52 _bS P |
| 100 | 1 | _aSHARMA, S.K. | |
| 245 | 1 | 0 |
_aPRINCIPLES AND PRACTICE OF IRRIGATION ENGINEERING / _cSHARMA, S.K. |
| 260 |
_a[S.N] : _bS. CHAND & COMPANY (PVT) LTD ، _c1988 |
||
| 300 | _a603 P | ||
| 650 | 0 | 4 | _aالتحليل الرياضى |
| 650 | 0 | 4 | _aCIVIL ENGINEERING |
| 942 |
_2ddc _cBK |
||
| 999 |
_c19772 _d19772 |
||